Top 25 College Football teams in the CFP Era - Statistics

General Stats
  • This quiz has been taken 50 times
  • The average score is 15 of 25
Answer Stats
Win % Team % Correct
87.0 Alabama
100%
83.5 Georgia
98%
73.0 Michigan
96%
88.1 Ohio State
93%
68.8 LSU
91%
73.9 Oregon
87%
69.2 Penn State
87%
81.9 Clemson
82%
75.2 Oklahoma
82%
67.5 Washington
80%
76.3 Notre Dame
69%
63.6 Texas A&M
69%
68.2 Iowa
60%
63.6 Ole Miss
60%
65.1 Wisconsin
56%
67.5 Utah
53%
65.2 BYU
51%
73.7 Boise State
47%
64.7 TCU
47%
78.4 James Madison
24%
65.0 Liberty
22%
69.0 Memphis
22%
68.2 Appalachian State
13%
66.0 Toledo
13%
65.9 Jacksonville State
2%
No matching quizzes found
Score Distribution
Percent of People with Each Score
Percentile by Number Answered
Your Score History
You have not taken this quiz